000 00725nam a2200229Ia 4500
003 IIN
005 20250403170323.0
008 250403s9999 xx d 001 0 eng d
020 _cRs.1799.00
_a9789389859324
040 _aIIN
_bEnglish
082 _a610.73072
_bPOL
100 1 _aPolit, Denise F.
245 1 _aNursing Research Generating & Assessing Evidence:
_bfor Nursing Practice
_cDenise F. Polit & Cheryl Tatano Beck
250 _a11th ed
_bSouth Asian Edition
260 _bWolters Kluwer
_aNew Delhi
_c2021
300 _axviii, 839p.
_bill.
500 _aIncludes Index
650 1 _aResearch
_vNursing
650 1 _aGenerating & Assessing Evidence
_vResearch
700 1 _aBeck, Cheryl Tatano
942 _cBOOK
999 _c1730
_d1730